Welcome to the Holygrace Academy Library

Please use search bar below to get started

SPINDLE RIVER (Record no. 3593)

MARC details
000 -LEADER
fixed length control field 00767nam a22001457a 4500
020 ## - INTERNATIONAL STANDARD BOOK NUMBER
ISBN 0-521-47629-1
082 ## - DEWEY DECIMAL CLASSIFICATION NUMBER
Classification number 823
Item number OWE/S
100 ## - MAIN ENTRY--AUTHOR NAME
Personal name O'NIEL, JUDITH
245 ## - TITLE STATEMENT
Title SPINDLE RIVER
260 ## - PUBLICATION, DISTRIBUTION, ETC. (IMPRINT)
Place of publication UNITED KINGDOM
Name of publisher CAMBRIDGE UNIVERSITY PRESS
Year of publication 1998
300 ## - PHYSICAL DESCRIPTION
Number of Pages 186
520 ## - SUMMARY, ETC.
Summary, etc Spindle River is set in New Lanark in 1819. Christina Sinclair has travelled from the north of Scotland with her children to seek employment in the cotton mills. The story follows the children's triumphs and disasters as they struggle to settle to their new life. The story has links to the wider curriculum especially in relation to the Industrial Revolution, children can look for historical clues and period references whilst reading.
650 ## - SUBJECT ADDED ENTRY--TOPICAL TERM
Topical Term NOVEL
Geographic subdivision UNITED KINGDOM
942 ## - ADDED ENTRY ELEMENTS (KOHA)
Koha item type Books
Holdings
Withdrawn status Lost status Collection code Home library Current library Shelving location Date acquired Source of acquisition Full call number Accession Number Koha item type
    Fiction Main Library Main Library SHELF-14-I- ALPHABETICAL N,O --ENGLISH NOVELS & FICTIONS 08/11/2013 purchase 823 OWE/S 07548 Books